Pen and Ink Drawing of Ramkumar (Record no. 240785)

MARC details
000 -LEADER
fixed length control field 00322pam a2200133 a 4500
020 ## - INTERNATIONAL STANDARD BOOK NUMBER
Terms of availability
041 ## - LANGUAGE CODE
Language code of original
082 ## - DEWEY DECIMAL CLASSIFICATION NUMBER
Classification number 708
Item number VAD
100 ## - MAIN ENTRY--PERSONAL NAME
Personal name Ram kumar .
245 ## - TITLE STATEMENT
Title Pen and Ink Drawing of Ramkumar
Medium Textual Documents
260 ## - PUBLICATION, DISTRIBUTION, ETC.
Place of publication, distribution, etc. [s.l]:
Name of publisher, distributor, etc. Vadhera Art Gallery , Delhi,
Date of publication, distribution, etc. 2012.
300 ## - PHYSICAL DESCRIPTION
Extent 100:
Other physical details Hard.
930 ## - EQUIVALENCE OR CROSS-REFERENCE-UNIFORM TITLE HEADING [LOCAL, CANADA]
Uniform title 6995
Holdings
Withdrawn status Lost status Damaged status Not for loan Collection Home library Current library Date acquired Source of acquisition Total Checkouts Full call number Barcode Date last seen Copy number Price effective from Koha item type
          College of Fine Arts, Pune College of Fine Arts, Pune 10/12/2015 Bhararti Sahakari Grahak Bhandar   708 VAD FAP-7435 07/03/2023 1 07/03/2023 Book